000 01560njm a2200325 i 4500
001 4547
003 ES-MaACL
005 20250728095140.0
007 s|r|||||||||||
008 041202s1981 sp ||| g ||||||||1|nspa d
245 0 3 _aEl liberalismo, hoy
_h[Grabación sonora]
_b: [acto celebrado el 6 de octubre de 1981].
260 _aMadrid :
_bAteneo de Madrid,
_c1981.
300 _a3 discos (3 h. 14 min. 36 seg.) ;
_c12 cm.
500 _aDatos basados en invitación.
505 8 _aPresentación de la sesión por Fernando Chueca Goitia . 1ª parte: Liberalismo y sociedad / Emilio Fontela . Comunicaciones y coloquio . Resumen de conclusiones / Pedro Schwartz. . 2ª parte: Liberalismo y economía / Jurgen Donges . Comunicaciones y coloquio . Resumen de conclusiones / Julio Pascual
518 _aActo organizado por el Ateneo de Madrid en colaboración con el Club Liberal, grabado en el salón de actos el martes 6 de octubre de 1981, a las 18:30.
610 2 4 _aAteneo de Madrid-
_xActos culturales-
_y1981-
_vGrabaciones sonoras.
_91893
650 4 _aLiberalismo-
_yS.XX.
_914396
650 7 _aLiberalismo económico
_2embne
_9135483
700 1 _aChueca Goitia, Fernando,
_d1911-2004
_938688
700 1 _aFontela, Emilio.
_951638
700 1 _aSchwartz, Pedro.
_9104874
700 1 _aDonges, Juergen B.
_945314
700 1 _aPascual Vicente, Julio.
_989402
710 2 _aClub Liberal.
_92865
852 _aES-MaACL
_jROT 5/2/8
_94664
_cROT
852 _aES-MaACL
_jROT 5/2/10
_9203576
_cROT
942 _2udc
999 _c4547
_d4547